| 000 | 00578nam a2200181Ia 4500 | ||
|---|---|---|---|
| 003 | IN-BaIIA | ||
| 008 | 211028s9999 xx 000 0 eng d | ||
| 020 | _a978-0-672-31286-1 | ||
| 040 | _cIIA Library | ||
| 080 |
_a681.3.068 _bREI |
||
| 100 |
_aReisdorph, Kent _930757 |
||
| 245 | 0 |
_aSams teach yourself Borland Delphi 4 in 21 days _cKent Reisdorph |
|
| 260 |
_aIndiana _bSAMS Publishing _c1998 |
||
| 300 | _axx, 918p. | ||
| 650 |
_aComputer software development _930479 |
||
| 650 |
_aDelphi (Computer file) _930480 |
||
| 942 | _cBK | ||
| 999 |
_c16558 _d16558 |
||